[Event "GER-chT U20"]
[Site "Braunschweig"]
[Date "2019.12.29"]
[Round "6.4"]
[White "Kroschel, Anton"]
[Black "Heise, Tobias"]
[Result "1-0"]
[WhiteElo "1756"]
[BlackElo "1712"]
[PlyCount "53"]
[EventDate "2019.12.27"]
[EventType "team-swiss"]
[EventRounds "7"]
[EventCountry "GER"]
[SourceTitle "CBM 194 Extra"]
[Source "ChessBase"]
[SourceDate "2020.03.31"]
[SourceVersion "1"]
[SourceVersionDate "2020.03.31"]
[SourceQuality "1"]
[WhiteTeam "Luebeck"]
[BlackTeam "Lehrte"]
[WhiteTeamCountry "GER"]
[BlackTeamCountry "GER"]

1. Nf3 Nf6 2. c4 e6 3. d4 d5 4. Nc3 Bd6 5. Bg5 c6 6. e3 Nbd7 7. Bd3 0-0 8. 0-0 Re8 9. e4 dxe4 10. Nxe4 Be7 11. Nxf6+ Bxf6 12. Bxf6 Qxf6 13. Qc2 h6 14. Rfe1 Rb8 15. Ne5 Nxe5 16. dxe5 Qg5 17. Re3 Qe7 18. Rg3 b6 19. Qe2 Bb7 20. Qg4 Qg5 21. Qe4 Qf5 22. Qe2 Qf4 23. Rg4 Qxg4 24. Qxg4 Red8 25. Qe2 Rd4 26. Rd1 Rbd8 27. Bc2 1-0

[Event "GER-chT U20"]
[Site "Braunschweig"]
[Date "2019.12.28"]
[Round "4.3"]
[White "Seref, Erdogan"]
[Black "Heise, Tobias"]
[Result "1-0"]
[WhiteElo "2003"]
[BlackElo "1712"]
[PlyCount "63"]
[EventDate "2019.12.27"]
[EventType "team-swiss"]
[EventRounds "7"]
[EventCountry "GER"]
[SourceTitle "CBM 194 Extra"]
[Source "ChessBase"]
[SourceDate "2020.03.31"]
[SourceVersion "1"]
[SourceVersionDate "2020.03.31"]
[SourceQuality "1"]
[WhiteTeam "Brackel"]
[BlackTeam "Lehrte"]
[WhiteTeamCountry "GER"]
[BlackTeamCountry "GER"]

1. c4 Nf6 2. Nf3 e6 3. g3 d5 4. b3 c6 5. Bg2 Nbd7 6. Bb2 b6 7. 0-0 Ba6 8. Nc3 Rc8 9. cxd5 cxd5 10. Rc1 Bd6 11. Nd4 0-0 12. Ncb5 Bxb5 13. Nxb5 Bb8 14. Rxc8 Qxc8 15. Qa1 a6 16. Rc1 Qb7 17. Nc3 b5 18. Rc2 Ba7 19. Qc1 Bb6 20. e3 Re8 21. Ne2 e5 22. f4 e4 23. Nd4 Kh8 24. Bh3 h6 25. Nf5 Rg8 26. Nd6 Qa7 27. Nxf7+ Kh7 28. Ne5 Nc5 29. Bf5+ g6 30. Nxg6 Rxg6 31. Bxf6 Nd3 32. Rc8 1-0

[Event "JBLN West 1819"]
[Site "Germany"]
[Date "2019.05.18"]
[Round "8.6"]
[White "Heise, Tobias"]
[Black "Doerp, Max Marian"]
[Result "0-1"]
[WhiteElo "1790"]
[BlackElo "1830"]
[PlyCount "64"]
[EventDate "2018.09.23"]
[EventType "team-tourn"]
[EventRounds "9"]
[EventCountry "GER"]
[SourceTitle "EXT 2020"]
[Source "ChessBase"]
[SourceDate "2019.10.17"]
[SourceVersion "1"]
[SourceVersionDate "2019.10.17"]
[SourceQuality "1"]
[WhiteTeam "Lehrte U20"]
[BlackTeam "Luebeck SV U20"]
[WhiteTeamCountry "GER"]
[BlackTeamCountry "GER"]

1. d4 d5 2. Nf3 Nf6 3. Bf4 e6 4. c4 c6 5. Nc3 Nbd7 6. cxd5 exd5 7. h3 Bb4 8. Qb3 Qe7 9. e3 Ne4 10. Bd3 f5 11. 0-0 Ndf6 12. Ne5 Nd2 13. Qc2 Nxf1 14. Kxf1 0-0 15. f3 Bd6 16. Ne2 Nd7 17. Qc3 Nxe5 18. dxe5 Bb4 19. Qc2 c5 20. Ng3 g5 21. Nh5 gxf4 22. Nf6+ Rxf6 23. exf6 Qxf6 24. a3 Ba5 25. Qxc5 Bb6 26. Qxd5+ Kg7 27. Bc4 fxe3 28. Rd1 Kh6 29. g4 fxg4 30. Rd4 Bxd4 31. hxg4 Bxg4 32. Be2 Rf8 0-1

[Event "Hannover-ch U18"]
[Site "Lehrte"]
[Date "2016.10.04"]
[Round "7"]
[White "Lossin, Charlotte"]
[Black "Heise, Tobias"]
[Result "0-1"]
[WhiteElo "1157"]
[BlackElo "1755"]
[PlyCount "68"]
[EventDate "2016.10.01"]
[EventType "swiss"]
[EventRounds "7"]
[EventCountry "GER"]
[SourceTitle "EXT 2020"]
[Source "ChessBase"]
[SourceDate "2019.10.17"]
[SourceVersion "1"]
[SourceVersionDate "2019.10.17"]
[SourceQuality "1"]

1. d4 d5 2. c4 c6 3. Nc3 Nf6 4. Bg5 e6 5. e3 Nbd7 6. Nf3 Bb4 7. cxd5 exd5 8. Bd3 Qa5 9. Qc2 0-0 10. 0-0 Re8 11. Ne2 Bd6 12. a3 h6 13. Bh4 Qc7 14. Bg3 b6 15. Bxd6 Qxd6 16. b4 Bb7 17. Ng3 a5 18. Nf5 Qe6 19. h3 Ne4 20. g4 h5 21. Bxe4 dxe4 22. Nd2 hxg4 23. hxg4 Qg6 24. Nxe4 Qxg4+ 25. Neg3 Re6 26. Kh2 Qg6 27. Qc4 Ba6 28. Qb3 Bxf1 29. Rxf1 Kf8 30. bxa5 Rxa5 31. Qb4+ Ke8 32. Rc1 Rxf5 33. Nxf5 Qxf5 34. Kg1 Qh3 0-1

[Event "GER-chT U16"]
[Site "Magdeburg"]
[Date "2014.12.28"]
[Round "3.2"]
[White "Wiesner, Alexander"]
[Black "Heise, Tobias"]
[Result "0-1"]
[WhiteElo "1800"]
[BlackElo "1664"]
[PlyCount "92"]
[EventDate "2014.12.27"]
[EventType "team-swiss"]
[EventRounds "7"]
[EventCountry "GER"]
[SourceTitle "EXT 2016"]
[Source "ChessBase"]
[SourceDate "2015.10.08"]
[SourceVersion "1"]
[SourceVersionDate "2015.10.08"]
[SourceQuality "1"]
[WhiteTeam "Karlsruhe"]
[BlackTeam "Lehrte"]
[WhiteTeamCountry "GER"]
[BlackTeamCountry "GER"]

1. e4 d5 2. exd5 Qxd5 3. Nc3 Qd6 4. d4 Nf6 5. Nf3 Bg4 6. Be2 Bxf3 7. Bxf3 c6 8. d5 e6 9. dxc6 Nxc6 10. 0-0 Rd8 11. Qxd6 Bxd6 12. Be3 a6 13. Rad1 0-0 14. Bb6 Rd7 15. Rd2 Bxh2+ 16. Kxh2 Rxd2 17. Ne4 Rxc2 18. Nxf6+ gxf6 19. Kg3 Rxb2 20. Bc5 Rd8 21. Rh1 Rxa2 22. Be4 f5 23. Bxc6 bxc6 24. Rh5 f6 25. Be7 Rd3+ 26. f3 Kg7 27. Kf4 Ra4+ 28. Kg3 Rad4 29. Rh1 Rd1 30. Rh5 a5 31. Bc5 Rc4 32. Bb6 a4 33. f4 Rc3+ 34. Kf2 Rb1 35. Be3 Rb2+ 36. Kf3 Rbb3 37. Kf2 Rd3 38. Rh1 Rdc3 39. Ra1 Rb2+ 40. Kg1 a3 41. Kh2 a2 42. Rxa2 Rxa2 43. Kh1 Rcc2 44. Kh2 Rxg2+ 45. Kh3 Rg1 46. Kh4 Rh2# 0-1

[Event "GER-chT U16"]
[Site "Magdeburg"]
[Date "2014.12.27"]
[Round "2.2"]
[White "Heise, Tobias"]
[Black "Chittka, Julius"]
[Result "0-1"]
[WhiteElo "1664"]
[BlackElo "1838"]
[PlyCount "70"]
[EventDate "2014.12.27"]
[EventType "team-swiss"]
[EventRounds "7"]
[EventCountry "GER"]
[SourceTitle "EXT 2016"]
[Source "ChessBase"]
[SourceDate "2015.10.08"]
[SourceVersion "1"]
[SourceVersionDate "2015.10.08"]
[SourceQuality "1"]
[WhiteTeam "Lehrte"]
[BlackTeam "Duesseldorf Sued"]
[WhiteTeamCountry "GER"]
[BlackTeamCountry "GER"]

1. d4 Nf6 2. Nf3 c5 3. Bf4 d5 4. e3 Nc6 5. Bb5 Qa5+ 6. Nc3 Ne4 7. Bxc6+ bxc6 8. 0-0 Nxc3 9. Qd2 cxd4 10. Nxd4 Ba6 11. bxc3 Bxf1 12. Kxf1 e6 13. Kg1 Rc8 14. Be5 c5 15. Ne2 f6 16. Bg3 Be7 17. Nf4 Qa6 18. Qd1 0-0 19. h4 Rc6 20. Kh2 Qc4 21. Kh3 Bd6 22. Rb1 Bxf4 23. Bxf4 e5 24. Bg3 Rb6 25. Rb3 Rd8 26. Ra3 Ra6 27. Rb3 Rxa2 28. Rb7 Qa6 29. Qb1 Ra1 30. Qb3 Rh1+ 31. Bh2 Qe6+ 32. Kg3 h5 33. f3 e4 34. Qb5 exf3 35. gxf3 Qe5+ 0-1

[Event "Hannover-ch U14"]
[Site "Lehrte"]
[Date "2012.10.23"]
[Round "1"]
[White "Thormann, Georg"]
[Black "Heise, Tobias"]
[Result "0-1"]
[WhiteElo "874"]
[BlackElo "1523"]
[PlyCount "32"]
[EventDate "2012.10.23"]
[EventType "swiss"]
[EventRounds "7"]
[EventCountry "GER"]
[SourceTitle "EXT 2021"]
[Source "ChessBase"]
[SourceDate "2020.10.23"]
[SourceVersion "1"]
[SourceVersionDate "2020.10.23"]
[SourceQuality "1"]

1. e4 d5 2. exd5 Qxd5 3. Nc3 Qd6 4. Nf3 Nf6 5. d4 c6 6. Ne5 Bf5 7. Bc4 e6 8. Bf4 Qb4 9. Rb1 Nbd7 10. 0-0 Nxe5 11. dxe5 Qxc4 12. exf6 Qxf4 13. fxg7 Bxg7 14. Qe2 Qg4 15. Qxg4 Bxg4 16. Rbd1 Bxd1 0-1

[Event "Hannover-ch U14"]
[Site "Lehrte"]
[Date "2012.10.21"]
[Round "4"]
[White "Von Daake, Leonhard"]
[Black "Heise, Tobias"]
[Result "0-1"]
[WhiteElo "865"]
[BlackElo "1523"]
[PlyCount "31"]
[EventDate "2012.10.23"]
[EventType "swiss"]
[EventRounds "7"]
[EventCountry "GER"]
[SourceTitle "EXT 2021"]
[Source "ChessBase"]
[SourceDate "2020.10.23"]
[SourceVersion "1"]
[SourceVersionDate "2020.10.23"]
[SourceQuality "1"]

1. e4 d5 2. Qe2 dxe4 3. Qxe4 Nf6 4. Qe2 Bf5 5. Qd1 Nc6 6. Bc4 Bg4 7. f3 Bf5 8. Ne2 e6 9. d3 Bc5 10. g4 Bg6 11. Nf4 Qd6 12. Nxg6 hxg6 13. Nc3 Rxh2 14. Rxh2 Qxh2 15. Qe2 Qg1+ 16. Qf1 0-1

[Event "GER-chT North U14"]
[Site "Magdeburg"]
[Date "2012.09.07"]
[Round "4.2"]
[White "Gohlke, Tobias"]
[Black "Heise, Tobias"]
[Result "0-1"]
[WhiteElo "1158"]
[BlackElo "1557"]
[PlyCount "84"]
[EventDate "2012.09.06"]
[EventType "team-swiss"]
[EventRounds "7"]
[EventCountry "GER"]
[SourceTitle "EXT 2015"]
[Source "ChessBase"]
[SourceDate "2014.11.20"]
[SourceVersion "1"]
[SourceVersionDate "2014.11.20"]
[SourceQuality "1"]
[WhiteTeam "Ruedersdorf"]
[BlackTeam "Lehrte"]
[WhiteTeamCountry "GER"]
[BlackTeamCountry "GER"]

1. e4 d5 2. exd5 Qxd5 3. Nc3 Qd6 4. Nf3 Nf6 5. d4 c6 6. Bc4 Bg4 7. h3 Bxf3 8. Qxf3 Qxd4 9. Bb3 e6 10. Be3 Qd8 11. Rd1 Nbd7 12. 0-0 Bb4 13. a3 Bxc3 14. bxc3 0-0 15. Rd2 Nd5 16. Rfd1 Qf6 17. Qg3 Qxc3 18. Bd4 Qxg3 19. fxg3 Rac8 20. Bb2 b5 21. Kf2 N7b6 22. Rd4 c5 23. Rg4 g6 24. c3 c4 25. Bc2 Rb8 26. Bc1 Nxc3 27. Rdd4 Ncd5 28. Bd2 f5 29. Rh4 e5 30. Rxd5 Nxd5 31. Kf3 e4+ 32. Kf2 c3 33. Bc1 Kg7 34. Bh6+ Kg8 35. Bxf8 Rxf8 36. Bb3 Rd8 37. g4 Kg7 38. gxf5 gxf5 39. Ke1 Ne3 40. Kf2 c2 41. Bxc2 Nxc2 42. Ke2 e3 0-1

[Event "GER-chT North U14"]
[Site "Magdeburg"]
[Date "2012.09.06"]
[Round "2.2"]
[White "Heise, Tobias"]
[Black "Dittmann, Tobias"]
[Result "0-1"]
[WhiteElo "1557"]
[BlackElo "1470"]
[PlyCount "90"]
[EventDate "2012.09.06"]
[EventType "team-swiss"]
[EventRounds "7"]
[EventCountry "GER"]
[SourceTitle "EXT 2015"]
[Source "ChessBase"]
[SourceDate "2014.11.20"]
[SourceVersion "1"]
[SourceVersionDate "2014.11.20"]
[SourceQuality "1"]
[WhiteTeam "Lehrte"]
[BlackTeam "Stade"]
[WhiteTeamCountry "GER"]
[BlackTeamCountry "GER"]

1. d4 e6 2. e3 d5 3. Nf3 c5 4. c4 Nf6 5. Nc3 Nc6 6. b3 b6 7. Ba3 Be7 8. Be2 0-0 9. Rc1 cxd4 10. Bxe7 Nxe7 11. Nxd4 Bb7 12. 0-0 Rc8 13. Na4 dxc4 14. Bxc4 Ned5 15. Bb5 a6 16. Bc6 Bxc6 17. Nxc6 Qd6 18. Nd4 b5 19. Nb2 Nc3 20. Qc2 Qd7 21. Nd3 Ncd5 22. Qb2 Qd6 23. Rc2 Rxc2 24. Qxc2 Ng4 25. Nf3 Ndxe3 26. fxe3 Nxe3 27. Qc3 Nxf1 28. Kxf1 Rd8 29. Ke2 f6 30. b4 e5 31. Nc5 e4 32. Nxe4 Re8 33. Qe3 Qe6 34. Nd4 Qxe4 35. Qxe4 Rxe4+ 36. Kd3 Re1 37. Kc3 Rg1 38. g3 Rg2 39. a3 Rxh2 40. Nb3 Rh3 41. Nc5 Rxg3+ 42. Kb2 h5 43. Nxa6 h4 44. Nc5 h3 45. Ne4 Rg2+ 0-1

[Event "GER-chT North U14"]
[Site "Magdeburg"]
[Date "2012.09.06"]
[Round "1.2"]
[White "Schmidek, Emil"]
[Black "Heise, Tobias"]
[Result "1/2-1/2"]
[WhiteElo "1887"]
[BlackElo "1557"]
[PlyCount "125"]
[EventDate "2012.09.06"]
[EventType "team-swiss"]
[EventRounds "7"]
[EventCountry "GER"]
[SourceTitle "EXT 2015"]
[Source "ChessBase"]
[SourceDate "2014.11.20"]
[SourceVersion "1"]
[SourceVersionDate "2014.11.20"]
[SourceQuality "1"]
[WhiteTeam "Berlin Makkabi"]
[BlackTeam "Lehrte"]
[WhiteTeamCountry "GER"]
[BlackTeamCountry "GER"]

1. e4 d5 2. exd5 Qxd5 3. Nc3 Qd6 4. d4 Nf6 5. Bc4 c6 6. Nge2 Bg4 7. f3 Bf5 8. Bf4 Qd8 9. Ng3 Bg6 10. d5 cxd5 11. Bxd5 Nc6 12. Bc4 a6 13. Nge4 Nxe4 14. fxe4 e6 15. Qg4 Bb4 16. Bd2 Qd4 17. Bd3 Ne5 18. Qe2 Rd8 19. Nd1 Bxd2+ 20. Qxd2 Nxd3+ 21. cxd3 Bxe4 22. Nf2 Bxg2 23. Rg1 Qe5+ 24. Qe2 Qxh2 25. Nh3 Qxh3 26. Rxg2 Qh1+ 27. Qf1 Qxf1+ 28. Kxf1 g6 29. Ke2 Ke7 30. Rg4 Rd7 31. Rc1 Rhd8 32. Rc3 f5 33. Rb4 Kf6 34. Rcb3 b5 35. a4 bxa4 36. Rxa4 Rd6 37. Rb7 R8d7 38. Rb8 Rc7 39. Rc4 Rdc6 40. b3 e5 41. Rf8+ Kg5 42. Re8 e4 43. dxe4 Rxc4 44. bxc4 Rxc4 45. exf5 Kxf5 46. Rf8+ Kg4 47. Rf7 h5 48. Rf6 g5 49. Rxa6 h4 50. Kf2 Rc3 51. Kg2 Rc2+ 52. Kg1 h3 53. Ra5 Kh4 54. Ra8 g4 55. Ra4 Re2 56. Rb4 Kg5 57. Rb3 Kf4 58. Rb4+ Kf3 59. Rb3+ Re3 60. Rb1 Kg3 61. Kh1 h2 62. Rf1 Kh3 63. Rf3+ 1/2-1/2

[Event "Niedersachsen-ch U14"]
[Site "Rotenburg"]
[Date "2012.04.04"]
[Round "8"]
[White "Heise, Tobias"]
[Black "Stukenborg, Rudi"]
[Result "1/2-1/2"]
[WhiteElo "1363"]
[BlackElo "1818"]
[PlyCount "39"]
[EventDate "2012.03.31"]
[EventType "swiss"]
[EventRounds "9"]
[EventCountry "GER"]
[SourceTitle "EXT 2015"]
[Source "ChessBase"]
[SourceDate "2014.11.20"]
[SourceVersion "1"]
[SourceVersionDate "2014.11.20"]
[SourceQuality "1"]

1. d4 d5 2. Nf3 Nf6 3. e3 e6 4. c4 Nbd7 5. Nc3 c5 6. cxd5 exd5 7. b3 cxd4 8. Nxd4 Bb4 9. Bd2 0-0 10. Be2 b6 11. 0-0 Bc5 12. Bf3 Bb7 13. Nce2 Ne5 14. Bc3 Nxf3+ 15. Nxf3 Ne4 16. Bd4 Bxd4 17. Qxd4 Rc8 18. Rac1 Qd6 19. Nf4 Nf6 20. Rfd1 1/2-1/2

[Event "Niedersachsen-ch U14"]
[Site "Rotenburg"]
[Date "2012.04.02"]
[Round "4"]
[White "Hartogh, Christian"]
[Black "Heise, Tobias"]
[Result "1/2-1/2"]
[WhiteElo "1482"]
[BlackElo "1363"]
[PlyCount "59"]
[EventDate "2012.03.31"]
[EventType "swiss"]
[EventRounds "9"]
[EventCountry "GER"]
[SourceTitle "EXT 2015"]
[Source "ChessBase"]
[SourceDate "2014.11.20"]
[SourceVersion "1"]
[SourceVersionDate "2014.11.20"]
[SourceQuality "1"]

1. e4 d5 2. exd5 Qxd5 3. Nc3 Qd6 4. d4 Nf6 5. g3 c6 6. Bf4 Qd8 7. Bg2 Bg4 8. Nf3 e6 9. a3 Bd6 10. Qd2 Bxf3 11. Bxf3 Qc7 12. Bxd6 Qxd6 13. 0-0-0 Nbd7 14. Rhe1 0-0 15. Ne4 Nxe4 16. Bxe4 Nf6 17. Bf3 b5 18. Re5 a5 19. Rg5 h6 20. Rc5 Rfc8 21. Qc3 Nd5 22. Bxd5 exd5 23. Re1 a4 24. Re3 Ra7 25. Rxb5 Qf6 26. Rf3 Qg5+ 27. Kd1 Rac7 28. Rc5 Qg4 29. Qe3 Qh3 30. Ra5 1/2-1/2